[Event "Titled Tuesday intern op 7th Mar Late"]
[Site "Chess.com INT"]
[Date "2023.03.07"]
[Round "1"]
[White "Roberson, Peter T"]
[Black "Cavanah, Troy"]
[Result "1-0"]
[WhiteElo "2422"]
[BlackElo "1950"]
[PlyCount "59"]
[EventDate "2023.03.07"]
[EventType "swiss (blitz)"]
[EventRounds "11"]
[EventCountry "USA"]
[SourceTitle "EXT 2024"]
[Source "ChessBase"]
[SourceDate "2023.10.10"]
[SourceVersion "1"]
[SourceVersionDate "2023.10.10"]
[SourceQuality "1"]

1. d4 Nf6 2. Bg5 d5 3. Bxf6 exf6 4. e3 c5 5. Nf3 Nc6 6. Nbd2 cxd4 7. exd4 Bd6 8. Bd3 0-0 9. 0-0 Bg4 10. h3 Bh5 11. c3 a6 12. Re1 b5 13. Nf1 Ne7 14. Ne3 Bg6 15. Nh4 Bxd3 16. Qxd3 g6 17. Re2 Bc7 18. Rae1 Qd6 19. g3 Rfe8 20. Nxd5 Bd8 21. Nf4 Qd7 22. Qf3 Bc7 23. Nd5 Nxd5 24. Rxe8+ Rxe8 25. Rxe8+ Qxe8 26. Qxd5 Qe1+ 27. Kg2 Qe2 28. Qc6 Ba5 29. Qxa6 Bc7 30. Qc8+ 1-0

[Event "Titled Tuesday intern op 22 Mar Late"]
[Site "Chess.com INT"]
[Date "2022.03.22"]
[Round "5"]
[White "Cavanah, Troy"]
[Black "Kashefi, Amir Hossein"]
[Result "1/2-1/2"]
[WhiteElo "1982"]
[BlackElo "2203"]
[PlyCount "125"]
[EventDate "2022.03.22"]
[EventType "swiss (blitz)"]
[EventRounds "11"]
[EventCountry "USA"]
[SourceTitle "CBM 207 Extra"]
[Source "ChessBase"]
[SourceDate "2022.05.31"]
[SourceVersion "1"]
[SourceVersionDate "2022.05.31"]
[SourceQuality "1"]

1. e4 c6 2. d4 d5 3. e5 Bf5 4. Nf3 e6 5. Be2 Ne7 6. 0-0 Bg6 7. Nbd2 Nd7 8. Nh4 a6 9. a4 Nf5 10. Nxg6 hxg6 11. Nf3 c5 12. c3 Rc8 13. a5 cxd4 14. cxd4 Bb4 15. Qa4 Be7 16. Bd2 0-0 17. Rac1 Nb8 18. Qb3 Qd7 19. Bb4 Rxc1 20. Rxc1 Rc8 21. Rc3 Bxb4 22. Qxb4 Nc6 23. Qb6 Nce7 24. g4 Nh6 25. h3 Rxc3 26. bxc3 Qc8 27. Kg2 Nc6 28. Nd2 Kh7 29. c4 dxc4 30. Nxc4 Ne7 31. Nd6 Qc6+ 32. Bf3 Nd5 33. Qxc6 bxc6 34. Bxd5 cxd5 35. Ne8 Ng8 36. Nc7 Ne7 37. Nxa6 Nc6 38. Nc7 Nxa5 39. Kf3 g5 40. Ke3 Nc4+ 41. Kd3 Nb2+ 42. Kd2 g6 43. Kc2 Nc4 44. Kc3 Kg8 45. Ne8 Nb6 46. Nf6+ Kg7 47. Ne8+ Kf8 48. Nf6 Kg7 49. Ne8+ Kh6 50. Nf6 Na4+ 51. Kd3 Nb2+ 52. Ke3 Nd1+ 53. Ke2 Nc3+ 54. Kd3 Nd1 55. Ng8+ Kg7 56. Nf6 Nxf2+ 57. Ke2 Nxh3 58. Kf3 Nf4 59. Ne8+ Kf8 60. Nf6 Kg7 61. Ne8+ Kh6 62. Nd6 Kg7 63. Ne8+ 1/2-1/2

[Event "Titled Tuesday intern op 22 Mar Late"]
[Site "Chess.com INT"]
[Date "2022.03.22"]
[Round "7"]
[White "Papp, Petra"]
[Black "Cavanah, Troy"]
[Result "1-0"]
[WhiteElo "2336"]
[BlackElo "1982"]
[PlyCount "63"]
[EventDate "2022.03.22"]
[EventType "swiss (blitz)"]
[EventRounds "11"]
[EventCountry "USA"]
[SourceTitle "CBM 207 Extra"]
[Source "ChessBase"]
[SourceDate "2022.05.31"]
[SourceVersion "1"]
[SourceVersionDate "2022.05.31"]
[SourceQuality "1"]

1. d4 Nf6 2. c4 e6 3. g3 d5 4. Nf3 Bb4+ 5. Nbd2 dxc4 6. Bg2 0-0 7. 0-0 b5 8. Qc2 Bb7 9. Rd1 Nbd7 10. h4 Qe7 11. b3 c3 12. Nf1 Be4 13. Rd3 c5 14. Qd1 Bxd3 15. Qxd3 cxd4 16. Nxd4 Rac8 17. Qxb5 Qc5 18. Qd3 Ne5 19. Qe3 Nfg4 20. Qf4 c2 21. Nxc2 Qxc2 22. Qxb4 Qxe2 23. Qd4 Rfd8 24. Qxa7 Rc2 25. Be3 Nxf2 26. Bxf2 Ng4 27. Qb6 Rdc8 28. a4 Nxf2 29. Qe3 Qxe3 30. Nxe3 Rb2 31. a5 Nd3 32. a6 1-0

[Event "Titled Tuesday intern op 15 Mar Early"]
[Site "Chess.com INT"]
[Date "2022.03.15"]
[Round "1"]
[White "Rosen, Eric S"]
[Black "Cavanah, Troy"]
[Result "1-0"]
[WhiteElo "2359"]
[BlackElo "1982"]
[PlyCount "79"]
[EventDate "2022.03.15"]
[EventType "swiss (blitz)"]
[EventRounds "11"]
[EventCountry "USA"]
[SourceTitle "CBM 207 Extra"]
[Source "ChessBase"]
[SourceDate "2022.05.31"]
[SourceVersion "1"]
[SourceVersionDate "2022.05.31"]
[SourceQuality "1"]

1. d4 Nf6 2. Bf4 d5 3. e3 c5 4. Nf3 Nc6 5. Nbd2 Bf5 6. dxc5 e6 7. Nd4 Bxc5 8. Nxf5 exf5 9. Bd3 Ne4 10. c3 0-0 11. 0-0 Qe7 12. Nb3 Bd6 13. Bxd6 Qxd6 14. Qf3 Ne5 15. Qe2 Ng4 16. g3 Qh6 17. f3 Nxe3 18. fxe4 Nxf1 19. Rxf1 fxe4 20. Bc2 a6 21. Nd4 Qb6 22. Bb3 Rad8 23. Kg2 Qc5 24. Qg4 Rd6 25. Rf5 Rg6 26. Qxe4 Qxc3 27. bxc3 dxe4 28. Re5 h6 29. Rxe4 Rg5 30. Re7 Rc5 31. Ne2 a5 32. Rxb7 g6 33. h4 h5 34. Kh3 Kg7 35. Nf4 Kg8 36. Nxg6 a4 37. Nxf8 axb3 38. axb3 Kxf8 39. c4 Kg7 40. Rb5 1-0